Central Library OPAC University of Rajshahi

The French political system / (Record no. 36295)

MARC details
000 -LEADER
fixed length control field 00885cam a2200289 4500
001 - CONTROL NUMBER
control field 36295
003 - CONTROL NUMBER IDENTIFIER
rucl marc code BD-RjUL
005 - DATE AND TIME OF LATEST TRANSACTION
control field 20211209052451.0
008 - FIXED-LENGTH DATA ELEMENTS--GENERAL INFORMATION
fixed length control field 1406019s1933 nyu 001 0 eng
035 ## - SYSTEM CONTROL NUMBER
System control number (BD-RjUL)36392
System control number (BD-RjUL)36392
System control number 6882765
040 ## - CATALOGING SOURCE
Original cataloging agency DLC
Transcribing agency OYU
Modifying agency OCoLC
-- DLC
Language of cataloging eng
041 ## - LANGUAGE CODE
Language code of text/sound track or separate title eng
082 ## - DEWEY DECIMAL CLASSIFICATION NUMBER
Classification number 320.944
Author mark and year MIF 1933
100 1# - MAIN ENTRY--PERSONAL NAME
Personal name Middleton, W. L.
Fuller form of name (Wilfrid Lawson),
Dates associated with a name 1881-
9 (RLIN) 110463
245 14 - TITLE STATEMENT
Title The French political system /
Statement of responsibility, etc. by W. L. Middleton.
250 ## - EDITION STATEMENT
Edition statement 1st ed.
260 ## - PUBLICATION, DISTRIBUTION, ETC. (IMPRINT)
Place of publication, distribution, etc. New York :
Name of publisher, distributor, etc. E.P. Dutton,
Date of publication, distribution, etc. c1933.
300 ## - PHYSICAL DESCRIPTION
Pagination 296 p. :
Illustrations map ;
Size 21 cm.
500 ## - GENERAL NOTE
General note Map accompanied by leaf with descriptive letterpress.
504 ## - BIBLIOGRAPHY, ETC. NOTE
Bibliography, etc Includes bibliographical footnotes and index.
651 #0 - SUBJECT ADDED ENTRY--GEOGRAPHIC NAME
Geographic name France
General subdivision Politics and government
Chronological subdivision 1870-1940.
9 (RLIN) 56869
942 ## - ADDED ENTRY ELEMENTS (KOHA)
Source of classification or shelving scheme Dewey Decimal Classification
Koha item type Books
Holdings
Lost status Source of classification or shelving scheme Damaged status Not for loan Collection code Permanent Location Current Location Shelving location Date acquired Source of acquisition Total Checkouts Full call number Date last seen Copy number Koha item type
  Dewey Decimal Classification   Not For Loan Non-fiction Central Library, University of Rajshahi Central Library, University of Rajshahi Reading Room   ASIA FONDATION   320.944 MIF 1933 19/06/2014 C-1 Books